000 00675nam a2200169 i 4500
001 184385
003 ES-MaACL
005 20230906222159.0
008 150804s1896 sp |||| | spa d
245 0 1 _a[Primera lista supletoria al Catálogo de los objetos de arte de la antigua Casa Ducal de Osuna para la subasta que de los mismos ha de celebrarse el sábado 23 de mayo de 1896].
260 _a[Madrid :
_bs.n.,
_c1896]
300 _a10 p. ;
_c23 cm.
594 _aEjemp. sin port.; tít. y fecha tomados de principio del texto.
610 2 7 _aCasa de Osuna.
_9134227
650 4 _aObjetos artísticos-
_vCatálogos de subastas.
_9157178
852 _aES-MaACL
_jT-865-F-11
999 _c184385
_d184385